Enforcing covenants (Record no. 105199)
[ view plain ]
| 000 -LEADER | |
|---|---|
| fixed length control field | 01689cam a2200229 4500 |
| 001 - CONTROL NUMBER | |
| control field | ##L132635 |
| 008 - FIXED-LENGTH DATA ELEMENTS--GENERAL INFORMATION | |
| fixed length control field | 060224n2005 000 0 eng u |
| 020 ## - INTERNATIONAL STANDARD BOOK NUMBER | |
| International Standard Book Number | 0728204835 |
| 035 ## - SYSTEM CONTROL NUMBER | |
| System control number | (Sirsi) u132635 |
| 041 0# - LANGUAGE CODE | |
| Language code of text/sound track or separate title | eng |
| 050 04 - LIBRARY OF CONGRESS CALL NUMBER | |
| Classification number | 346.4104346 $2 18 |
| 100 1# - MAIN ENTRY--PERSONAL NAME | |
| Personal name | Jones, Brian |
| 245 00 - TITLE STATEMENT | |
| Title | Enforcing covenants |
| Remainder of title | a guide for managers of leasehold property |
| 260 ## - PUBLICATION, DISTRIBUTION, ETC. | |
| Place of publication, distribution, etc. | London |
| Name of publisher, distributor, etc. | EG Books |
| Date of publication, distribution, etc. | 2005 |
| 300 ## - PHYSICAL DESCRIPTION | |
| Extent | xvi, 227p |
| Dimensions | 22cm |
| 350 ## - PRICE (NR) (BK AM CF MU VM SE) [OBSOLETE] | |
| Price | 28 |
| 505 2# - FORMATTED CONTENTS NOTE | |
| Formatted contents note | Covenants -- Forfeiture -- Leasehold Valuation Tribunals new jurisdictions and procedures -- The role of the county court -- Ground rents -- Service charges the options -- Debt recovery in the county court -- Enforcement of repairing covenants -- Enforcement for other breaches -- Neighbour disputes -- Enforcement outside leases -- Arbitration and alternative dispute resolution -- Costs and administration charges a summary -- Conclusion. |
| 520 ## - SUMMARY, ETC. | |
| Summary, etc. | Focuses on the measures that managers of residential leasehold property can deploy to encourage leaseholders and other parties to abide by their contractual obligations. Concentrates particularly on the changes introduced by the Commonhold and Leasehold Reform Act 2002, and examines the new rules on forfeiture and ground rents, service charge recovery, enforcing county court judgments, the new procedures and jurisdictions of the Leasehold Valuation Tribunals, enforcing repairs, neighbour disputes and nuisance cases, injunctions and specific performance, costs and administration charges, and alternative dispute resolution. |
| 690 ## - LOCAL SUBJECT ADDED ENTRY--TOPICAL TERM (OCLC, RLIN) | |
| Topical term or geographic name as entry element | PROPERTY-RESIDENTIAL PROPERTY-RESIDENTIAL PROPERTY TENURE-LEASEHOLD RESIDENTIAL PROPERTY |
| 942 ## - ADDED ENTRY ELEMENTS (KOHA) | |
| Suppress in OPAC | 0 |
| Withdrawn status | Lost status | Source of classification or shelving scheme | Damaged status | Not for loan | Home library | Current library | Shelving location | Date acquired | Cost, normal purchase price | Total Checkouts | Full call number | Barcode | Date last seen | Date last checked out | Copy number | Cost, replacement price | Price effective from | Koha item type |
|---|---|---|---|---|---|---|---|---|---|---|---|---|---|---|---|---|---|---|
| Dewey Decimal Classification | London | London | Books | 15/03/2006 | 28.00 | 12 | 346.4104346 JON | 30072796 | 06/08/2019 | 18/02/2009 | 1 | 28.00 | 06/08/2019 | Book |